Statistics for Top 10 Premier League Goalscorers from Ireland

Click here to take the quiz!

General Stats

  • This quiz has been taken 26 times
  • The average score is 3 of 10

Answer Stats

NAnswerGoalsTeams% Correct
7Robbie Keane125Coventry City (12), Leeds United (13), Tottenham Hotspurs (91), Liverpool (5), West Ham United (2), Aston Villa (3)
100%
8Niall Quinn109Arsenal (14), Manchester City (66), Sunderland (29)
45%
3George Best137Manchester United (137)
41%
9John Aldridge88Oxford United (38), Liverpool (50)
27%
10Johnny Giles91Manchester United (10), Leeds United (80), West Bromwich Albion (1)
23%
4Frank Stapleton136Arsenal (75), Manchester United (60), Derby County (1)
18%
1Derek Dougan175Blackburn Rovers (26), Leicester City (35), Wolverhampton Wanderers (86), Portsmouth (9), Aston Villa (19)
14%
2Jimmy Dunne153Sheffiled United (143), Arsenal (10)
14%
5Billy Gillespie127Sheffield United (127)
9%
6Jimmy McIlroy126Burnley (116), Stoke City (10)
9%

Score Distribution

Percentile by Number Answered

Percent of People with Each Score

Your Score History

You have not taken this quiz